[Event "GRE-ch U20 47th"]
[Site "Kavala"]
[Date "2015.01.05"]
[Round "5"]
[White "Pavlidis, Pavlos"]
[Black "Tsiros, Fragkiskos Vlasios"]
[Result "0-1"]
[WhiteElo "1657"]
[BlackElo "2185"]
[PlyCount "68"]
[EventDate "2015.01.02"]
[EventType "tourn"]
[EventRounds "9"]
[EventCountry "GRE"]
[SourceTitle "CBM 164 Extra"]
[Source "ChessBase"]
[SourceDate "2015.03.02"]
[SourceVersion "1"]
[SourceVersionDate "2015.03.02"]
[SourceQuality "1"]

1. e4 c5 2. Nf3 d6 3. Bb5+ Nd7 4. 0-0 a6 5. Bd3 Ngf6 6. c3 b5 7. Bc2 Bb7 8. d3 e6 9. Re1 Be7 10. Nbd2 0-0 11. Nf1 Qc7 12. h3 Rad8 13. Ng3 Rfe8 14. d4 Bc6 15. Bg5 h6 16. Bxf6 Nxf6 17. Qe2 cxd4 18. cxd4 Qb7 19. Rac1 Rc8 20. Bb1 Bd8 21. Qd3 g6 22. a3 b4 23. Ba2 bxa3 24. bxa3 Ba5 25. Nd2 h5 26. Nc4 Bc7 27. h4 d5 28. exd5 Bxd5 29. Rb1 Qa8 30. Nb6 Bxb6 31. Bxd5 Nxd5 32. Qd2 Bd8 33. Re5 Bf6 34. Re4 Nc3 0-1

[Event "GRE-ch U20 47th"]
[Site "Kavala"]
[Date "2015.01.03"]
[Round "2"]
[White "Ladopoulos, Dimitrios"]
[Black "Pavlidis, Pavlos"]
[Result "1-0"]
[WhiteElo "2143"]
[BlackElo "1657"]
[PlyCount "111"]
[EventDate "2015.01.02"]
[EventType "tourn"]
[EventRounds "9"]
[EventCountry "GRE"]
[SourceTitle "CBM 164 Extra"]
[Source "ChessBase"]
[SourceDate "2015.03.02"]
[SourceVersion "1"]
[SourceVersionDate "2015.03.02"]
[SourceQuality "1"]

1. e4 c5 2. Nf3 Nc6 3. d4 cxd4 4. Nxd4 g6 5. c4 Bg7 6. Be3 d6 7. Nc3 Nf6 8. Be2 0-0 9. 0-0 Nxd4 10. Bxd4 Bd7 11. f3 Qa5 12. Qd2 Rfc8 13. Be3 a6 14. c5 Be6 15. cxd6 exd6 16. Qxd6 Rd8 17. Qg3 Qb4 18. Rab1 Nh5 19. Qf2 Bxc3 20. bxc3 Qxc3 21. Rfc1 Qf6 22. Bf1 Rd7 23. Rc5 Nf4 24. Qc2 h5 25. Rb6 Rad8 26. Qc3 Qxc3 27. Rxc3 Nd3 28. Bg5 Ne5 29. Bxd8 Rxd8 30. Rxb7 Rd1 31. Rbc7 Bxa2 32. Kf2 Rd2+ 33. Ke3 Rd6 34. Ra3 Be6 35. Rxa6 Rd1 36. Be2 Re1 37. Kf2 Rb1 38. Rc2 Bb3 39. Rd2 Nc4 40. Bxc4 Bxc4 41. Rad6 Kg7 42. Rd1 Rb2+ 43. R6d2 Rb6 44. f4 Rf6 45. Ke3 Ra6 46. h3 Ra3+ 47. Kf2 Bb3 48. Rd3 Kf6 49. R1d2 Ra2 50. Rxa2 Bxa2 51. Ke3 Be6 52. Rd6 Ke7 53. Rb6 Ba2 54. f5 gxf5 55. exf5 Bb1 56. Rxb1 1-0

[Event "Milan Crespi op-B 35th"]
[Site "Milan"]
[Date "2014.12.08"]
[Round "6"]
[White "Pavlidis, Pavlos"]
[Black "Spano, Pietro"]
[Result "1-0"]
[WhiteElo "1626"]
[BlackElo "1645"]
[PlyCount "79"]
[EventDate "2014.12.04"]
[EventType "swiss"]
[EventRounds "7"]
[EventCountry "ITA"]
[SourceTitle "EXT 2017"]
[Source "ChessBase"]
[SourceDate "2016.10.25"]
[SourceVersion "1"]
[SourceVersionDate "2016.10.25"]
[SourceQuality "1"]

1. e4 c5 2. Nf3 e6 3. d4 cxd4 4. Nxd4 Nc6 5. Nc3 Qc7 6. Nb3 a6 7. Bd3 Ne5 8. 0-0 Nxd3 9. cxd3 Nf6 10. Bd2 Be7 11. Qe2 0-0 12. Rac1 Qe5 13. f4 Qh5 14. Qxh5 Nxh5 15. e5 g6 16. Ne4 f5 17. Nec5 d6 18. Nxb7 dxe5 19. fxe5 Bd8 20. Nd6 Bb6+ 21. d4 Bd7 22. Nc5 Bb5 23. Nxb5 Bxc5 24. Rxc5 axb5 25. a3 Rfd8 26. Be3 Rd5 27. Rfc1 f4 28. Bf2 Rxc5 29. dxc5 Ng7 30. c6 Nf5 31. c7 Ne7 32. Bc5 Nd5 33. Bd6 Rc8 34. Rc5 b4 35. axb4 Nxb4 36. Rb5 Nc6 37. Rb8 Na7 38. b4 Kf7 39. b5 Ke8 40. b6 1-0